Open Data Biblioteca Nacional de Portugal


República Portuguesa: Ministério da Cultura
Biblioteca Nacional de Portugal

Catálogo da BNP: acesso por Identificadores Unívocos
Registos Bibliográficos associados ao registo de autoridade

Etiqueta de registo: 01033ckm 2200265 450
001 390968
003 http://id.bnportugal.gov.pt/bib/catbnp/390968
005 19981230000000.0
095 ## $aPTBN00418390
100 ## $a19930428d1992 am a0pory0103 ba
101 0# $apor
102 ## $aPT
200 1# $aLisboa, o cais da aventura$bVisual gráfico]$eanimação da zona ribeirinha$fComemorações dos Descobrimentos Portugueses$g[design] Imago Promoções, Arte Final
210 #9 $aLisboa$cC.N.C.D.P.,$d1992
215 ## $a1 cartaz$ccolor.$d68x48 cm
317 ## $aColeção Madeira Luis$5PTBN: CT. 22219 A.
675 ## $a061.7(469.411Lisboa)"1992"(084.5)$vBN$zpor$3503436
675 ## $a766(=1:469)"199"(084.5)$vBN$zpor$3589138
710 01 $aPortugal.$bComissão Nacional para as Comemorações dos Descobrimentos Portugueses$331063
712 02 $aArte Final - Design e Publicidade$4410$3179875
712 02 $aImago Promoções$4410$3179879
801 #0 $aPT$bBN$gRPC
856 40 $uhttps://purl.pt/18167
856 41 $uhttps://purl.pt/18167/service/media/cover/low
958 ## $aBND$bInterno$cDigitalizado
966 ## $lBN$mICONOG$sCT. 7222 A.$x3
966 ## $lBN$mICONOG$sCT. 22219 A.$x3

Etiqueta de registo: 00000nkm 2200025 450
001 2270473
003 http://id.bnportugal.gov.pt/bib/catbnp/2270473
100 ## $a20260223d1994 m y0pory01030103ba
101 0# $apor
102 ## $aPT
200 1# $aInterdisco, 1ª Feira Internacional do Disco, Centro Cultural de Belém, 4 a 6 de novembro$bVisual gráfico]$fImago Promoções e Something Else Promotions
210 #9 $a[S.l.]$cImago Produções,$d1994
215 ## $a1 cartaz$ccolor.$d47,5x33,6 cm
317 ## $aColeção Madeira Luís
710 02 $aFeira Internacional do Disco,$d1,$eBelém (Lisboa),$f1994$31986886
712 02 $aImago Promoções$3179879
712 02 $aSomething Else Promotions$31996626
801 #0 $aPT$bBN$gRPC
966 ## $lBN$mICONOG$sCT. 14817 V.$x3
971 ## $cCaticonografia2$d20260223
972 ## $d20260309 $e2$vmferro $z0
995 ## $aPRR2026 $d20260223$iCaticonografia2

OpendataBNP@bnportugal.pt | Mais informação sobre acesso aos dados BNP